000 01818aam a2200337 i 4500
001 768714001
003 CO-MdFUSB
005 20210715164543.0
007 ta
008 210715t1994 ag |||| |||| 00| 0 spa d
020 _a9508610859
040 _bspa.
_aCO-MdFUSB
_cCO-MdFUSB
_dCO-MdFUSBC
_erda
041 _aspa
_hpor
082 0 4 _a177
_223
_bM3861n
110 _aAcción Católica de Milán,
240 _aFidanzamento tempo di grazia
245 1 0 _aNoviazgo, tiempo de gracia :
_bun itinerario educativo
_c/ Acción Católica de Milán ; traducido por Guido B. A. Dolzani
264 1 _aBuenos Aires, Argentina :
_bSan Pablo,
_c[1994]
264 4 _c© 1994
300 _a217 Páginas
_c; 20 cm
336 _atexto
_btxt
_2rdacontent
337 _2rdamedia
_asin mediación
_bn
338 _2rdacarrier
_avolumen
_bnc
490 _aFundamentos 3,
505 _aLa realidad de la pareja -- Valores humanos para vivir en el noviazgo -- Las dinámicas de la pareja -- Noviazgo un tiempo para entenderse y para soñar -- Educarse en la fidelidad -- Noviazgo: tiempo de gracia -- La dimensión bíblica -- El génesis -- los profetas -- El cantar de los cantares -- El evangelio -- San Pablo -- Magisterio de la iglesia y el noviazgo -- Dimensión sacramental -- Reconciliación -- Eucaristía -- Matrimonio -- El amor de los novios -- La dimensión espiritual -- La oración -- La pobreza -- La castidad en la espiritualidad de los novios -- Las relaciones prematrimoniales -- Nosotros dos y los demás -- Abiertos a la vida -- El servicio a la vida -- Aprendizaje de los métodos naturales -- Los novios en la iglesia y en el mundo.
563 _aRústico
653 _aÉtica de las relaciones sociales
700 _95383
_aDolzani, Guido B. A.
_etraductor
942 _cBK
945 _aJTF-925
999 _c32664
_d32664